| 000 | 00905cas a2200253 a 4500 | ||
|---|---|---|---|
| 005 | 20171108160024.0 | ||
| 008 | 020703c20019999nyuqx 0 0eng c | ||
| 022 | _a1470-160X | ||
| 040 |
_aMDF _cMDF _dGUA _dCUS _dDLC _dCAS _dDLC _dNLM _dRBN _dIUL _dOCLCQ _dOCLCO _dOCLCF _dOCLCO _dEUW _dOCLCO _dDEFHM _dOCLCO _dCO-BoIAVH |
||
| 041 | 0 | _aeng | |
| 044 | _axxu | ||
| 090 | _aSE | ||
| 245 | 0 | 0 | _aEcological indicators |
| 260 |
_aNew York (EE.UU.) : _bElsevier Science, _c2001- |
||
| 300 |
_bilustraciones ; _c26 cm. |
||
| 310 | _au | ||
| 321 | _aq | ||
| 510 | 0 |
_aChemical abstracts _x0009-2258 |
|
| 650 | 2 | 6 |
_aIndicadores ecológicos _vPublicaciones periódicas |
| 650 | 2 | 6 |
_aGestión ambiental _vPublicaciones periódicas |
| 650 | 2 | 6 |
_aIndicadores biológicos _vPublicaciones periódicas |
| 776 | 1 |
_tEcological indicators (Online) _w(DLC) 2003256100 _w(OCoLC)48134728 |
|
| 942 |
_2z _cREVISTA _s1 |
||
| 999 |
_c16872 _d16872 |
||